Riconosci il Pokémon - Quiz n°492 - Statistics

Statistiche generali
  • Questo quiz è stato fatto 0 volte
  • Il punteggio medio è 0 su 10
Statistiche sulle risposte
Indizio Risposta % Corretto
Sesso 100% ♀
0%
Altezza 2,2 m
0%
Tasso di cattura 45 (11.9%)
0%
Peso 80,0 kg; 100,0 kg (Megaevoluzione)
0%
Pokémon Kangaskhan
0%
Tasso di allevamento Medio-Veloce
0%
Stadio evoluzione Non si evolve
0%
Tipo Normale
0%
Generazione Prima
0%
Abilità Sveglialampo; Nervisaldi; Forza Interiore; Amorefiliale (Megaevoluzione)
0%
Nessun quiz corrispondente trovato
Distribuzione punteggi
Percentuale di utenti per punteggio
Percentile per numero di risposta
I tuoi punteggi nel tempo
Non hai fatto questo quiz